000 00586nam a2200229Ia 4500
003 OSt
005 20221007072935.0
006 a|||||r|||| 00| 0
007 ta
008 221006b |||||||| |||| 00| 0 eng d
024 _a26,025
037 _cTextual
040 _aFLL
_cFLL
_beng
041 _2eng
_aeng
082 _aZ58:5, K8
100 _aLapenna Ivo
_9691659
245 0 _aSoviet Penal Policy
260 _aLondon
_bThe Bodley Head Ltd. London
_c1968
300 _a1-148p
_ccm.
942 _hZ58:5, K8
_cTEXL
_2CC
999 _c1147319
_d1147319